00864cam a2200241 a 450000100100000000500170001000800410002704000180006808200200008610000340010624500440014026000670018430000210025149000380027258600220031065000260033265000380035883000450039691000340044104900090047595201230048499900150060700000941320200929161603.0930121s1990 cu 001 j spa  aDO-SdBNPcDLC aCu863.44bA662v1 aArango, Arturo,d1955-92148213aLa vida es una semana /cArturo Arango. aLa Habana :bUnión de Escritores y Artistas de Cuba,cc1990. a122 p. ;c19 cm.1 a"Luis Felipe Rodríguez"aCuento aPremio uneac, 88. 4aCuentos cubanos91482 4aLiteratura cubanaySIGLO XX99186 0a"Luis Felipe Rodríguez,pCuento924205 aCatalogación por copia / LC aBNGR 001052708MOaGRbGRcCTd2009-09-29iLF1l0oCu863.44 A662vp9413-10r2020-06-25w2020-06-25y2ZPréstamo interno c9173d9173